Movies Quiz

Random Movies or Actress Quiz

Title Character Movies Quiz Stats

 Plays Quiz Updated Apr 5, 2018

Challenge
Share
Tweet
Embed
Score 0/22 Timer 08:00
1 Play Today
Actor Films % Correct
Will SmithWild Wild West, The Legend of Bagger Vance, Ali, Hitch, Hancock
80.1%
Johnny DeppCry-Baby, Edward Scissorhands, What's Eating Gilbert Grape, Ed Wood, Don Juan DeMarco, Donnie Brasco, Sweeney Todd, Rango, Mortdecai, Sherlock Gnomes
77%
Adam SandlerBilly Madison, Happy Gilmore, Little Nicky, Mr. Deeds, I Now Pronounce You Chuck and Larry, You Don't Mess with the Zohan, Jack & Jill, Sandy Wexler
73.5%
Tom HanksTurner & Hooch, Joe Versus the Volcano, Forrest Gump, Charlie Wilson's War, Larry Crowne, Captain Phillips, Sully
72.9%
Angelina JolieLara Croft: Tomb Raider, Lara Croft Tomb Raider: The Cradle of Life, Mr. & Mrs. Smith, Salt, Maleficent
70.1%
Robin WilliamsPopeye, The World According to Garp, Mrs. Doubtfire, Jack, Patch Adams, Jakob the Liar
69.2%
Hugh JackmanKate & Leopold, Van Helsing, X-Men Origins: Wolverine, The Wolverine, Logan
66.1%
George ClooneyBatman & Robin, Ocean's 11, Ocean's 12, Ocean's 13, Michael Clayton, Fantastic Mr. Fox
54.6%
Sean PennI Am Sam, Milk
54.6%
Julia RobertsMary Reilly, Erin Brockovich, Charlotte's Web
50.3%
Meryl StreepKramer vs. Kramer, Sophie's Choice, Silkwood, Julie & Julia, Ricki and the Flash, Florence Foster Jenkins
46.8%
Actor Films % Correct
Kevin CostnerDances with Wolves, Robin Hood: Prince of Thieves, Wyatt Earp, Tin Cup, The Postman, Mr. Brooks
43.5%
Denzel WashingtonThe Mighty Quinn, Malcolm X, The Hurricane, John Q, The Book of Eli, Roman J. Israel Esq.
40.1%
Keanu ReevesBill & Ted's Excellent Adventure, Bill & Ted's Bogus Journey, Johnny Mnemonic, Constantine, Henry's Crime, John Wick, Keanu, John Wick: Chapter 2
39.5%
Cate BlanchettThank God He Met Lizzie, Oscar and Lucinda, Elizabeth, Charlotte Gray, Veronica Guerin, Elizabeth: The Golden Age, Blue Jasmine, Carol
35.6%
Liam NeesonLamb, Ethan Frome, Darkman, Schindler's List, Rob Roy, Michael Collins, Kinsey, A Monster Calls, Mark Felt: The Man Who Brought Down the White House
35.1%
Charlton HestonPeer Gynt, The Private War of Major Benson, Ben-Hur, El Cid, Major Dundee, Will Penny, Antony & Cleopatra
30.6%
Bill MurrayWhat About Bob?, Garfield, The Life Aquatic with Steve Zissou, Garfield: A Tale of Two Kitties, St. Vincent
28.7%
Jimmy StewartMr. Smith Goes to Washington, Destry Rides Again, The Stratton Story, Carbine Williams, The Glenn Miller Story, Mr. Hobbs Takes a Vacation
25.7%
Jodie FosterNapoleon and Samantha, Nell, Anna and the King
23.4%
Peter SellersDr. Strangelove, The World of Henry Orient, Hoffman, The Fiendish Plot of Dr. Fu Manchu
19.1%
John CusackGrosse Pointe Blank, Max, Igor
14.2%

You're not logged in!

Compare scores with friends on all Sporcle quizzes.
OR
Log In

You Might Also Like...

Show Comments

Extras

Top Quizzes Today


Score Distribution

Your Account Isn't Verified!

In order to create a playlist on Sporcle, you need to verify the email address you used during registration. Go to your Sporcle Settings to finish the process.

Report this User

Report this user for behavior that violates our Community Guidelines.

Details: